Countries and States in the Caucasus Map Quiz - Statistics

General Stats
  • This quiz has been taken 1,515 times
    1,480 since last reset
  • The average score is 7 of 8
Answers on the Map
Answers color-coded by a green-red scale on the quiz's map according to % correct below.
 
Answer Stats
Answer % Correct
Russia
90%
Turkey
89%
Georgia
87%
Armenia
86%
Azerbaijan
86%
South Ossetia
75%
Nagorno-Karabakh
74%
Abkhazia
69%
No matching quizzes found
Score Distribution
Percent of People with Each Score
Percentile by Number Answered
Your Score History
You have not taken this quiz since the last reset